• 首页
  • 本馆介绍
  • 公告通知
  • 最新文献
  • 馆藏检索
  • 电子资源
  • 读者导购
  • 参考咨询
  • 我的图书馆
  • 登录
  • 详细信息显示
  • 放入我的书架
  • 预约/预借图书
  • 作者相关作品
  • 分类相关作品
  • 丛书相关作品
  • 出版社相关作品

书目信息

  • 表格格式
  • 工作单格式
  • 卡片格式
题名:
跨栏跑训练指南
    
 
作者: 尔伯·埃尔·罗斯 著 ;柏宝玲 译
分册:  
出版信息: 北京   人民体育出版社  1986
页数: 172页
开本: 19cm
丛书名:
单 册:
中图分类: G822.62
科图分类:
主题词: 田径运动
电子资源:
ISBN:
000 00631nam0 2200205 45
001 0405050935
005 20040505090710.2
010    @dCNY1.05
100    @a20040505d1986 km y0chiy0120 ea
101 0  @achi
105    @aa z 000yy
200 1  @a跨栏跑训练指南@AKua Lan Pao Xun Lian Zhi Nan@f(美)尔伯·埃尔·罗斯著@F(Mei)Er Bo·Ai Er·Luo Si Zhu@g柏宝玲译
210    @a北京@c人民体育出版社@d1986
215    @a172页@c插图@d19cm
606 0  @a田径运动
690    @aG822.62@v3
701  0 @a尔伯·埃尔·罗斯@4著
702  0 @a柏宝玲@ABai Bao Ling@4译
801    @aCN@bTSTCL@c20040505
905    @f0@f1@b166765@f2@b166762-763@dG822.62@e15
    
    跨栏跑训练指南/(美)尔伯·埃尔·罗斯著/柏宝玲译.-北京:人民体育出版社,1986
    172页:插图;19cm
    
    
    ISBN :CNY1.05
    
●
相关链接 在E读中查询图书 在五车中查询图书 在当当中查询图书 在豆瓣中查询图书


正题名:跨栏跑训练指南     索取号:G822.62/15         预约/预借

序号 登录号 条形码 馆藏地/架位号 状态 备注
1 0166762   001596179   密集书库/ [索取号:G822.62/15] 在馆    
2 0166763   000995873   密集书库/ [索取号:G822.62/15] 在馆    
3 0166765   000996346   密集书库/ [索取号:G822.62/15] 在馆    
4 0166766   000996337   第一样本阅览室/ [索取号:G822.62/15] 在馆    
唐山师范学院图书馆 欢迎您!
大连网信软件有限公司© 版权所有